Papering over CDM regs (Record no. 69376)
[ view plain ]
| 000 -LEADER | |
|---|---|
| fixed length control field | 01090cam a2200229 4500 |
| 001 - CONTROL NUMBER | |
| control field | ABS65038 |
| 008 - FIXED-LENGTH DATA ELEMENTS--GENERAL INFORMATION | |
| fixed length control field | 020128n2001 000 0 eng u |
| 035 ## - SYSTEM CONTROL NUMBER | |
| System control number | (Sirsi) u116508 |
| 100 ## - MAIN ENTRY--PERSONAL NAME | |
| Personal name | Forrest, E |
| 245 ## - TITLE STATEMENT | |
| Title | Papering over CDM regs |
| 260 ## - PUBLICATION, DISTRIBUTION, ETC. | |
| Date of publication, distribution, etc. | 2001 |
| 490 ## - SERIES STATEMENT | |
| Series statement | Construction News |
| Volume/sequential designation | (6746) 13 December 2001, 10-11(2) |
| 520 ## - SUMMARY, ETC. | |
| Summary, etc. | Examines the effect of the CDM regulations: since their introduction in 1994 accident rates have continued to rise and recently government published new user-friendly guidelines. The CDM regulations have raised awareness of health and safety but they have also created more paperwork and costs. It will remain to be seen whether the clearer layout of the new guidelines will help employers and reduce accidents, costs and paperwork. |
| 590 ## - LOCAL NOTE (RLIN) | |
| Local note | ABS |
| 650 ## - SUBJECT ADDED ENTRY--TOPICAL TERM | |
| Topical term or geographic name entry element | CONSTRUCTION (DESIGN AND MANAGEMENT) REGULATIONS 1994 |
| 650 ## - SUBJECT ADDED ENTRY--TOPICAL TERM | |
| Topical term or geographic name entry element | CONSTRUCTION (DESIGN AND MANAGEMENT) REGULATIONS 1994 |
| 650 ## - SUBJECT ADDED ENTRY--TOPICAL TERM | |
| Topical term or geographic name entry element | APPROVED CODE OF PRACTICE |
| 650 ## - SUBJECT ADDED ENTRY--TOPICAL TERM | |
| Topical term or geographic name entry element | ACCIDENT RATE |
| 650 ## - SUBJECT ADDED ENTRY--TOPICAL TERM | |
| Topical term or geographic name entry element | ACCIDENTS AT WORK |
| 690 ## - LOCAL SUBJECT ADDED ENTRY--TOPICAL TERM (OCLC, RLIN) | |
| Topical term or geographic name as entry element | Health and safety |
| 9 (RLIN) | 6244 |
| 942 ## - ADDED ENTRY ELEMENTS (KOHA) | |
| Suppress in OPAC | 0 |
| Withdrawn status | Lost status | Source of classification or shelving scheme | Damaged status | Not for loan | Home library | Current library | Shelving location | Date acquired | Total Checkouts | Full call number | Barcode | Date last seen | Copy number | Price effective from | Koha item type |
|---|---|---|---|---|---|---|---|---|---|---|---|---|---|---|---|
| Dewey Decimal Classification | London | London | Journal article | 28/01/2002 | ABS65038 | 116508-1001 | 06/08/2019 | 1 | 06/08/2019 | Journal article |